Επιτομή του λεξικού της μεσαιωνικής ελληνικής δημώδους γραμματείας 1100-1669

Αποθηκεύτηκε σε:
Λεπτομέρειες βιβλιογραφικής εγγραφής
Κύριος συγγραφέας: Κριαράς, Εμμανουήλ, 1906-2014
Συγγραφή απο Οργανισμό/Αρχή: Υπουργείο Εθνικής Παιδείας και Θρησκευμάτων Κέντρο Ελληνικής Γλώσσας
Άλλοι συγγραφείς: Καραναστάσης, Τάσος Α., Καζάζης, Ιωάννης Ν., 1947-
Μορφή: Βιβλίο
Γλώσσα:Greek
Δημοσίευση: Θεσσαλονίκη : Κέντρο Ελληνικής Γλώσσας, 2001, 2003
Θέματα:
Ετικέτες: Προσθήκη ετικέτας
Δεν υπάρχουν, Καταχωρήστε ετικέτα πρώτοι!

MARC

LEADER 00000cam a2200000 i 4500
001 1/46500
008 070619s20012003 gre d
020 |a 960-7779-26-6 (set) 
020 |a 960-7779-27-4 (τ.Α) 
020 |a 960-7779-34-7 (τ.Β) 
035 |l 10088392 
040 |a GR-MY-UA  |b gre  |e aacr 
041 0 |a gre 
082 0 |a 487.3  |2 (22) 
100 1 |a Κριαράς, Εμμανουήλ,   |d 1906-2014. 
245 1 0 |a Επιτομή του λεξικού της μεσαιωνικής ελληνικής δημώδους γραμματείας 1100-1669 /  |c Εμμανουήλ Κριαρά, Ι. Ν. Καζάζης, Τ. Α. Καραναστάσης ; Υπουργείο Εθνικής Παιδείας και Θρησκευμάτων, Κέντρο Ελληνικής Γλώσσας 
260 |a Θεσσαλονίκη :   |b Κέντρο Ελληνικής Γλώσσας,   |c 2001, 2003 
300 |a 2τ.;  |c 27 εκ. 
505 0 |a T.1. Α - Κτ.2. Λ - Παραθήκη 
650 0 0 |a Greek language, Medieval and late  |x Dictionaries. 
650 0 0 |a Greek language, Modern  |x Dictionaries. 
700 1 |a Καραναστάσης, Τάσος Α. 
700 1 |a Καζάζης, Ιωάννης Ν.,   |d 1947- 
710 2 |a Υπουργείο Εθνικής Παιδείας και Θρησκευμάτων  |b Κέντρο Ελληνικής Γλώσσας. 
852 |a INST  |b LESVOS  |e 20070619  |h 487.3 ΚΡΙ  |p 005100038051  |q 005100038051  |t REF  |y 23  |z τ.Β 
852 |a INST  |b LESVOS  |e 20070619  |h 487.3 ΚΡΙ  |p 005100038052  |q 005100038052  |t REF  |y 23  |z τ.Α 
852 |a INST  |b LESVOS  |e 20070619  |h 487.3 ΚΡΙ  |p 005100038051  |q 005100038051  |t REF  |v τ.Β:  |y 23  |z τ.Β 
852 |a INST  |b LESVOS  |e 20070619  |h 487.3 ΚΡΙ  |p 005100038052  |q 005100038052  |t REF  |v τ.Α:  |y 23  |z τ.Α 
852 |a INST  |b RHODES  |e 20121016  |h 489 ΚΡΙ  |p 005400034563  |q 005400034563  |t REF  |v τ.Α:  |y 23  |z τ.Α 
852 |a INST  |b RHODES  |e 20121016  |h 489 ΚΡΙ  |p 005400034564  |q 005400034564  |t REF  |v τ.Β:  |y 23  |z τ.Β 
853 |a INST  |b LESVOS  |h 487.3 ΚΡΙ 
853 |a INST  |b RHODES  |h 489 ΚΡΙ 
901 |a BIBL1-2007-2 
901 |a BIBL4-2012-3 
909 |a Λ  |b 135050 
909 |a Λ  |b 135051 
909 |a Ρ  |b 171193 
909 |a Ρ  |b 171192 
922 |a 1ΕΛΗ  |b 200705  |c ΕΠΕΑΕΚ2/ΤΚΑ  |d Σ. ΠΑΤΑΚΗΣ 
970 |a ΚΑΡΑ  |b ΓΙΑΣΕΜΗ  |z 2007/06/19